| 000 | 00664nam a2200205Ia 4500 | ||
|---|---|---|---|
| 008 | 240729s9999 xx 000 0 und d | ||
| 022 | _a2694-0450 | ||
| 245 | 0 | _aJournal of Mechanical Ventilation | |
| 260 | _aUnited States | ||
| 260 | _bSociety of Mechanical Ventilation | ||
| 650 | _a Diseases of the respiratory system | ||
| 650 | _a Internal medicine | ||
| 650 | _a Internal medicine | ||
| 650 | _a Medical emergencies. Critical care. Intensive care. First aid | Medicine | ||
| 650 | _a Specialties of internal medicine | ||
| 650 | _aMedicine | ||
| 856 | _uhttps://doaj.org/toc/02df96e9bff043208295d6e6e5bf40d2 | ||
| 942 | _2ddc | ||
| 942 | _cDOAJEJ | ||
| 999 |
_c68957 _d68957 |
||
| 945 |
_a1 _bMadushi Gamage _c1 _dMadushi Gamage |
||